000 00522nam a2200193Ia 4500
008 101110s9999 xx 000 0 und d
041 _aENGLISH
082 _bSR12866
100 _aMehta V.G.
245 _aIncome-tax Ready Reckoner Assessment year 1981-82
365 _b44
520 _aCommerce
546 _aENGLISH
630 _aIncome-tax Ready Reckoner Assessment year 1981-82
650 _aCommerce
655 _aCommerce
730 _aIncome-tax Ready Reckoner Assessment year 1981-82
942 _cBOOK
999 _c807207
_d807204